| 000 | 00806nam a2200217Ia 4500 | ||
|---|---|---|---|
| 003 | OSt | ||
| 005 | 20251113145320.0 | ||
| 008 | 220922b |||||||| |||| 00| 0 hin d | ||
| 037 | _cTB | ||
| 040 |
_aARTS _cARTS _bhin |
||
| 041 |
_2hin _ahin |
||
| 084 |
_aO13,1:g(P:75) 152L7(EPH) _qAL |
||
| 100 |
_aकौशिक, देवदत्त _9156279 |
||
| 245 | 0 | _aअरस्तु का त्रासदीविवेचन | |
| 246 | _aArastu kā trāsadīvivechana | ||
| 260 |
_aदिल्ली: _b मैकमिलन प्रकाशन; _c1977. |
||
| 300 |
_a10]127 पृ. _ccm. |
||
| 650 |
_aहिन्दी साहित्य _9156264 |
||
| 942 |
_hO13,1:g(P:75) 152L7(EPH) _cTB _2CC _n0 |
||
| 999 |
_c308469 _d308469 |
||